<?xml version="1.0" encoding="UTF-8"?>
<record
    xmlns:xsi="http://www.w3.org/2001/XMLSchema-instance"
    xsi:schemaLocation="http://www.loc.gov/MARC21/slim http://www.loc.gov/standards/marcxml/schema/MARC21slim.xsd"
    xmlns="http://www.loc.gov/MARC21/slim">

  <leader>01684nam0a2200337   4500</leader>
  <controlfield tag="001">RU\NLR\BIBL_A\016240028</controlfield>
  <controlfield tag="005">20250625005531.0</controlfield>
  <datafield tag="035" ind1=" " ind2=" ">
    <subfield code="a">(NLR Aleph) 016240028</subfield>
  </datafield>
  <datafield tag="090" ind1=" " ind2=" ">
    <subfield code="a">12794402</subfield>
    <subfield code="c">12794402</subfield>
  </datafield>
  <datafield tag="100" ind1=" " ind2=" ">
    <subfield code="a">20221216d1960    |||y0rusy50      ca</subfield>
  </datafield>
  <datafield tag="101" ind1="0" ind2=" ">
    <subfield code="a">ukr</subfield>
  </datafield>
  <datafield tag="102" ind1=" " ind2=" ">
    <subfield code="a">RU</subfield>
  </datafield>
  <datafield tag="105" ind1=" " ind2=" ">
    <subfield code="a">y   a   000zb</subfield>
  </datafield>
  <datafield tag="181" ind1=" " ind2="0">
    <subfield code="a">i4</subfield>
    <subfield code="b">axxe  </subfield>
  </datafield>
  <datafield tag="182" ind1=" " ind2="0">
    <subfield code="a">n</subfield>
  </datafield>
  <datafield tag="200" ind1="1" ind2=" ">
    <subfield code="a">&#x410;&#x432;&#x442;&#x43E;&#x431;&#x443;&#x441;&#x43E;&#x431;&#x443;&#x434;i&#x432;&#x43D;&#x438;&#x43A; &#x410;&#x440;&#x43A;&#x430;&#x434;i&#x439; &#x414;&#x43C;&#x438;&#x442;&#x440;&#x43E;&#x432;&#x438;&#x447; &#x423;&#x441;&#x43A;&#x43E;&#x432;</subfield>
    <subfield code="e">&#x440;&#x435;&#x43A;&#x43E;&#x43C;&#x435;&#x43D;&#x434;&#x430;&#x446;i&#x439;&#x43D;&#x438;&#x439; &#x430;&#x43D;&#x43E;&#x442;&#x43E;&#x432;&#x430;&#x43D;&#x438;&#x439; &#x441;&#x43F;&#x438;&#x441;&#x43E;&#x43A; &#x43B;i&#x442;&#x435;&#x440;&#x430;&#x442;&#x443;&#x440;&#x438;</subfield>
    <subfield code="f">&#x41B;&#x44C;&#x432;i&#x432;&#x441;&#x44C;&#x43A;&#x435; &#x43E;&#x431;&#x43B;&#x430;&#x441;&#x43D;&#x435; &#x443;&#x43F;&#x440;&#x430;&#x432;&#x43B;i&#x43D;&#x43D;&#x44F; &#x43A;&#x443;&#x43B;&#x44C;&#x442;&#x443;&#x440;&#x438;, &#x41B;&#x44C;&#x432;i&#x432;&#x441;&#x44C;&#x43A;&#x430; &#x434;&#x435;&#x440;&#x436;&#x430;&#x432;&#x43D;&#x430; &#x43E;&#x431;&#x43B;&#x430;&#x441;&#x43D;&#x430; &#x431;i&#x431;&#x43B;i&#x43E;&#x442;&#x435;&#x43A;&#x430; i&#x43C;. &#x42F;. &#x413;&#x430;&#x43B;&#x430;&#x43D;&#x430;</subfield>
    <subfield code="g">&#x440;&#x435;&#x434;&#x430;&#x43A;&#x442;&#x43E;&#x440;: &#x42E;. &#x41C;. &#x413;&#x440;&#x430;&#x439;&#x434;&#x430;&#x43D;&#x441;</subfield>
  </datafield>
  <datafield tag="203" ind1=" " ind2=" ">
    <subfield code="a">&#x422;&#x435;&#x43A;&#x441;&#x442;</subfield>
    <subfield code="b">&#x432;&#x438;&#x437;&#x443;&#x430;&#x43B;&#x44C;&#x43D;&#x44B;&#x439;</subfield>
    <subfield code="c">&#x43D;&#x435;&#x43F;&#x43E;&#x441;&#x440;&#x435;&#x434;&#x441;&#x442;&#x432;&#x435;&#x43D;&#x43D;&#x44B;&#x439;</subfield>
  </datafield>
  <datafield tag="210" ind1=" " ind2=" ">
    <subfield code="a">&#x41B;&#x44C;&#x432;i&#x432;</subfield>
    <subfield code="c">[&#x431;. &#x438;.]</subfield>
    <subfield code="d">1960</subfield>
  </datafield>
  <datafield tag="215" ind1=" " ind2=" ">
    <subfield code="a">11 &#x441;.</subfield>
    <subfield code="d">15</subfield>
  </datafield>
  <datafield tag="225" ind1="1" ind2=" ">
    <subfield code="a">&#x41F;&#x435;&#x440;&#x435;&#x434;&#x43E;&#x432;&#x438;&#x43A;&#x438; &#x43F;&#x440;&#x43E;&#x43C;&#x438;&#x441;&#x43B;&#x43E;&#x432;&#x43E;&#x441;&#x442;i &#x41B;&#x44C;&#x432;i&#x432;&#x449;&#x438;&#x43D;&#x438;</subfield>
  </datafield>
  <datafield tag="300" ind1=" " ind2=" ">
    <subfield code="a">&#x41D;&#x430; &#x43E;&#x431;&#x43E;&#x440;&#x43E;&#x442;&#x435; &#x442;&#x438;&#x442;. &#x441;. &#x437;&#x430;&#x433;&#x43B;. &#x440;&#x443;&#x441;.: &#x410;&#x432;&#x442;&#x43E;&#x431;&#x443;&#x441;&#x43E;&#x441;&#x442;&#x440;&#x43E;&#x438;&#x442;&#x435;&#x43B;&#x44C; &#x410;&#x440;&#x43A;&#x430;&#x434;&#x438;&#x439; &#x414;&#x43C;&#x438;&#x442;&#x440;&#x438;&#x435;&#x432;&#x438;&#x447; &#x423;&#x441;&#x43A;&#x43E;&#x432;</subfield>
  </datafield>
  <datafield tag="517" ind1="1" ind2=" ">
    <subfield code="a">&#x410;&#x440;&#x43A;&#x430;&#x434;i&#x439; &#x414;&#x43C;&#x438;&#x442;&#x440;&#x43E;&#x432;&#x438;&#x447; &#x423;&#x441;&#x43A;&#x43E;&#x432;</subfield>
    <subfield code="z">ukr</subfield>
  </datafield>
  <datafield tag="517" ind1="1" ind2=" ">
    <subfield code="a">&#x410;&#x432;&#x442;&#x43E;&#x431;&#x443;&#x441;&#x43E;&#x441;&#x442;&#x440;&#x43E;&#x438;&#x442;&#x435;&#x43B;&#x44C; &#x410;&#x440;&#x43A;&#x430;&#x434;&#x438;&#x439; &#x414;&#x43C;&#x438;&#x442;&#x440;&#x438;&#x435;&#x432;&#x438;&#x447; &#x423;&#x441;&#x43A;&#x43E;&#x432;</subfield>
    <subfield code="z">rus</subfield>
  </datafield>
  <datafield tag="702" ind1=" " ind2="1">
    <subfield code="a">&#x423;&#x441;&#x43A;&#x43E;&#x432;</subfield>
    <subfield code="b">&#x410;. &#x414;.</subfield>
    <subfield code="g">&#x410;&#x440;&#x43A;&#x430;&#x434;i&#x439; &#x414;&#x43C;&#x438;&#x442;&#x440;&#x43E;&#x432;&#x438;&#x447;</subfield>
    <subfield code="4">280</subfield>
  </datafield>
  <datafield tag="702" ind1=" " ind2="1">
    <subfield code="a">&#x413;&#x440;&#x430;&#x439;&#x434;&#x430;&#x43D;&#x441;</subfield>
    <subfield code="b">&#x42E;. &#x41C;.</subfield>
    <subfield code="4">340</subfield>
  </datafield>
  <datafield tag="712" ind1="0" ind2="2">
    <subfield code="4">570</subfield>
    <subfield code="7">ca</subfield>
    <subfield code="8">ukr</subfield>
    <subfield code="a">&#x41B;&#x44C;&#x432;i&#x432;&#x441;&#x44C;&#x43A;&#x430; &#x434;&#x435;&#x440;&#x436;&#x430;&#x432;&#x43D;&#x430; &#x43E;&#x431;&#x43B;&#x430;&#x441;&#x43D;&#x430; &#x431;i&#x431;&#x43B;i&#x43E;&#x442;&#x435;&#x43A;&#x430; i&#x43C;. &#x42F;. &#x413;&#x430;&#x43B;&#x430;&#x43D;&#x430;</subfield>
    <subfield code="9">790726</subfield>
    <subfield code="3">RU\NLR\AUTH\880561778</subfield>
  </datafield>
  <datafield tag="852" ind1=" " ind2=" ">
    <subfield code="a">NLR</subfield>
    <subfield code="j">641/&#x423;-75</subfield>
  </datafield>
  <datafield tag="942" ind1=" " ind2=" ">
    <subfield code="c">BOOK</subfield>
  </datafield>
  <datafield tag="980" ind1=" " ind2=" ">
    <subfield code="a">NB</subfield>
  </datafield>
  <datafield tag="995" ind1=" " ind2=" ">
    <subfield code="5">2022-12-19</subfield>
    <subfield code="b">NLR01</subfield>
    <subfield code="c">NLR01</subfield>
    <subfield code="e">CSB</subfield>
    <subfield code="f">1-3670126</subfield>
    <subfield code="k">641/&#x423;-75</subfield>
    <subfield code="o">0</subfield>
    <subfield code="r">BOOK</subfield>
    <subfield code="s">64175_</subfield>
  </datafield>
</record>
